| 000 | 00991nam a2200313 u 4500 | ||
|---|---|---|---|
| 005 | 20230509111841.0 | ||
| 008 | 200120s2015 mx r 000 0 spa d | ||
| 020 | _a9786078406821 | ||
| 035 | _aUPN01000234973 | ||
| 040 |
_aMX-MxUPN _bspa _cMX-MxUPN |
||
| 041 | 1 |
_aspa _heng |
|
| 050 | 4 |
_aBT33 _bB38 2015 |
|
| 100 | 1 |
_aBauman, Zygmunt, _d1925-2017 _930175 |
|
| 100 | 1 |
_aDonskis, Leonidas, _d1962- _947681 |
|
| 240 | 1 | 0 |
_aMoral blindness. _lEspañol |
| 245 | 1 | 0 |
_aCeguera moral : _bla pérdida de sensibilidad en la modernidad líquida |
| 250 | _aPrimera edición | ||
| 260 |
_aMéxico, D.F. : _bPaidós, _c2015. |
||
| 300 | _a271 páginas | ||
| 500 | _aTraducción de: Moral blindness. | ||
| 650 | 0 |
_947682 _a Indiferentismo (Religión) |
|
| 650 | 2 |
_aApatía _92573 |
|
| 650 | 7 |
_99124 _aÉtica social |
|
| 700 | 1 |
_943965 _aRodríguez Esteban, Antonio Francisco _etraductor |
|
| 902 | _aNoemiAcosta/250123 | ||
| 942 |
_n0 _2lcc _cLIBRO |
||
| 999 |
_c207068 _d207068 |
||